000 00444nam a2200181Ia 4500
008 210210b2007 xxu||||| |||| 00| 0 eng d
020 _a978 81 250 3269 4
041 _aeng
082 _a954.0317 BHAR
100 _aBHATTACHARYA (Sabyasachi) Ed
245 _aRethinking 1857
260 _aHyderabad
_bOrient Longman
_c2007
300 _axl--320
650 _aRethinking
650 _a1857
690 _aIndian History
906 _a063275
999 _c135620
_d135620